This week's most popular songs in the world. Spotify 07/02/21-07/08/21 - Statistics

General Stats
  • This quiz has been taken 7 times
  • The average score is 14 of 30
Answer Stats
Artist Streams Song % Correct
BTS 23.22M Butter
86%
Dua Lipa, DaBaby 26.19M Levitating
86%
Lil Nas X 34.33M MONTERO (Call Me By Your Name)
86%
The Weeknd 15.62M Blinding Lights
71%
Olivia Rodrigo 18.07M drivers license
71%
Masked Wolf 16.85M Astronaut In The Ocean
57%
Ed Sheeran 37.30M Bad Habits
57%
Bella Poarch 14.01M Build a Bitch
57%
Olivia Rodrigo 23.70M deja vu
57%
Olivia Rodrigo 50.31M good 4 u
57%
Doja Cat, SZA 31.42M Kiss Me More
57%
Bruno Mars, Anderson .Paak, Silk Sonic 17.39M Leave The Door Open
57%
Justin Bieber, Daniel Caesar, Giveon 23.72M Peaches
57%
The Weeknd, Ariana Grande 20.64M Save Your Tears (Remix)
57%
Olivia Rodrigo 20.95M traitor
57%
Maneskin 51.83M Beggin'
43%
Olivia Rodrigo 16.48M favorite crime
43%
Riton, Nightcrawlers, Mufasa, Hypeman 15.96M Friday
43%
Olivia Rodrigo 18.99M happier
43%
Olivia Rodrigo 13.22M jealousy, jealousy
43%
Polo G 13.96M RAPSTAR
43%
Wisin, Jhay Cortez, Anuel AA, Los Legendarios, Myke Towers 13.17M Fiel - Remix
29%
Maneskin 28.08M I WANNA BE YOUR SLAVE
29%
Rauw Alejandro 33.28M Todo De Ti
29%
Bad Bunny 33.16M Yonaguni
29%
Nio Garcia, J Balvin, Bad Bunny 23.04M AM Remix
14%
Bizarrap, Nicky Jam 18.55M Nicky Jam: Bzrp Music Sessions, Vol. 41
14%
Sebastian Yatra, Myke Towers 14.89M Pareja Del Año
14%
J Balvin, Maria Becerra 26.35M Qué Más Pues?
14%
Doja Cat, The Weeknd 19.73M You Right
14%
No matching quizzes found
Score Distribution
Percent of People with Each Score
Percentile by Number Answered
Your Score History
You have not taken this quiz